000 00339nam a22001337a 4500
020 _a0890064784
040 _cNUST
082 _a621.3827
_bROG
100 _aRogers, A. J.
_9125337
245 _aUnderstanding Optical Fiber Communications
260 _aBoston:
_bArtech House,
_c2001.
650 _aFiber Optics
_958050
942 _2ddc
_cBK
999 _c611094
_d611094